[Event "Hoogeveen Unive op"]
[Site "Hoogeveen"]
[Date "2010.10.29"]
[Round "8"]
[White "Van Apeldoorn, Janton"]
[Black "Klapwijk, Bram"]
[Result "1/2-1/2"]
[WhiteElo "2164"]
[BlackElo "2022"]
[PlyCount "79"]
[EventDate "2010.10.22"]
[EventType "swiss"]
[EventRounds "9"]
[EventCountry "NED"]
[SourceTitle "EXT 2011"]
[Source "ChessBase"]
[SourceDate "2010.11.26"]
[SourceVersion "1"]
[SourceVersionDate "2010.11.26"]
[SourceQuality "1"]

1. e4 c5 2. Nf3 e6 3. c4 Nc6 4. d4 cxd4 5. Nxd4 Nf6 6. Nc3 d6 7. Be2 Be7 8. Be3 0-0 9. 0-0 Bd7 10. Rc1 Nxd4 11. Qxd4 e5 12. Qd2 Ng4 13. Bxg4 Bxg4 14. Nd5 b6 15. Rc3 Be6 16. Rfc1 Re8 17. b4 Rc8 18. a4 Bf8 19. b5 f5 20. exf5 Bxf5 21. a5 bxa5 22. Bxa7 Ra8 23. Be3 Be6 24. Ra3 a4 25. Nb6 d5 26. c5 Qxb6 27. cxb6 Bxa3 28. Ra1 Bf8 29. b7 Rab8 30. Rxa4 d4 31. Bg5 Rxb7 32. Qb2 Reb8 33. Ra5 Bc4 34. h4 h6 35. Bd2 Rxb5 36. Rxb5 Rxb5 37. Qc2 Bf7 38. f4 exf4 39. Bxf4 Rd5 40. Qd3 1/2-1/2

[Event "Hilversum op-A"]
[Site "Hilversum"]
[Date "2010.06.28"]
[Round "3"]
[White "Van Apeldoorn, Janton"]
[Black "Vogel, Jaap"]
[Result "1/2-1/2"]
[WhiteElo "2156"]
[BlackElo "2210"]
[PlyCount "34"]
[EventDate "2010.06.26"]
[EventType "swiss"]
[EventRounds "9"]
[EventCountry "NED"]
[SourceTitle "CBM 137 Extra"]
[Source "ChessBase"]
[SourceDate "2010.09.01"]
[SourceVersion "1"]
[SourceVersionDate "2010.09.01"]
[SourceQuality "1"]

1. e4 e6 2. d4 d5 3. Nd2 Nf6 4. e5 Nfd7 5. Bd3 c5 6. c3 Nc6 7. Ndf3 a5 8. Ne2 cxd4 9. cxd4 Nb6 10. a3 a4 11. Bc2 Bd7 12. 0-0 Na5 13. Re1 Be7 14. Rb1 Nac4 15. Nf4 Bc6 16. Nh5 g6 17. Nf4 Nd7 1/2-1/2

[Event "Hoogeveen Essent op"]
[Site "Hoogeveen"]
[Date "2008.10.20"]
[Round "4"]
[White "Van Apeldoorn, Janton"]
[Black "Brandenburg, Daan"]
[Result "1/2-1/2"]
[WhiteElo "2188"]
[BlackElo "2436"]
[PlyCount "65"]
[EventDate "2008.10.17"]
[EventType "swiss"]
[EventRounds "9"]
[EventCountry "NED"]
[SourceTitle "CBM 126 Extra"]
[Source "ChessBase"]
[SourceDate "2008.11.05"]
[SourceVersion "1"]
[SourceVersionDate "2008.11.05"]
[SourceQuality "1"]

1. e4 c5 2. Nf3 d6 3. d4 cxd4 4. Nxd4 Nf6 5. f3 e5 6. Nb3 Nc6 7. c4 Be7 8. Be3 0-0 9. Be2 Be6 10. Nc3 a6 11. Rc1 Na5 12. Nd5 Bxd5 13. cxd5 Nd7 14. Nd2 b5 15. b4 Nb7 16. 0-0 Rc8 17. Rxc8 Qxc8 18. Qc1 Nb8 19. a3 Qd7 20. Ba7 a5 21. bxa5 Na6 22. Bb6 Bd8 23. Qb2 Nxa5 24. Bxd8 Rxd8 25. Qxb5 Qa7+ 26. Kh1 Nc5 27. Rb1 g6 28. Nc4 Nxc4 29. Bxc4 Kg7 30. Qb6 Qa8 31. h3 h5 32. Qc6 Qxa3 33. Qb6 1/2-1/2

[Event "Hoogeveen Essent op"]
[Site "Hoogeveen"]
[Date "2007.10.12"]
[Round "1"]
[White "Smerdon, David"]
[Black "Van Apeldoorn, Janton"]
[Result "1-0"]
[WhiteElo "2466"]
[BlackElo "2188"]
[PlyCount "43"]
[EventDate "2007.10.12"]
[EventType "swiss"]
[EventRounds "9"]
[EventCountry "NED"]
[SourceTitle "CBM 120 Extra"]
[Source "ChessBase"]
[SourceDate "2007.11.01"]
[SourceVersion "1"]
[SourceVersionDate "2007.11.01"]
[SourceQuality "1"]

1. e4 c5 2. c3 Nf6 3. e5 Nd5 4. d4 cxd4 5. cxd4 d6 6. Nf3 Nc6 7. Bc4 e6 8. Qe2 Be7 9. 0-0 0-0 10. Nc3 Nxc3 11. bxc3 dxe5 12. dxe5 Qa5 13. Rb1 Rd8 14. Qe4 Qa4 15. Bg5 h6 16. Bxe7 Nxe7 17. Bd3 Qc6 18. Qh7+ Kf8 19. Qh8+ Ng8 20. Bh7 Ke7 21. Qxg7 Bd7 22. Nh4 1-0